| 000 | 00515nam a2200145 4500 | ||
|---|---|---|---|
| 999 |
_c512247 _d512247 |
||
| 008 | 191115b ||||| |||| 00| 0 eng d | ||
| 100 |
_aAbubakar, Jamaladeen _913267 |
||
| 245 | _aEconomic growth in India, is it jobless growth?: An empirical examination using Okun's law | ||
| 260 | _bIndian Journal of Labour Economics | ||
| 300 | _a62(2), Apr-Jun, 2019: p.307-317. | ||
| 700 |
_aNurudeen, Ibrahim _913268 |
||
| 773 | _aIndian Journal of Labour Economics | ||
| 906 | _aEconomic development | ||
| 942 |
_2ddc _cAR |
||